01903nam a2200265Ia 4500001000600000003000900006008004100015040001300056040001300069041001300082100001700095100002900112240006500141240003500206245005300241245005300294250001100347260001200358260001400370260004900384300005700433500109200490650002401582650003101606F1971IT-RoPAU130308s9999 xx 000 0 und d aIT-RoPAU cIT-RoPAU aITALIANO aMoores Shaun gCodice Aut. SPICS: 38331 aINTERPRETING AUDIENCES. THE ETHNOGRAPHY OF MEDIA CONSUMPTION gCodice Tit. Orig. Spics: D4970 aConsumo dei media (Il). Un approccio etnografico bConsumo dei Media (Il). Un Approccio Etnografico a1a ed. aBOLOGNA bIl Mulino c1998 [1° Ed.:1998 - Ed.Ling.Originale:1993] a"268 p. (prefazione: no ; testo: 268 [pagine: 0-0])" aApproccio Ai Pubblici: Definizione di Pubblico, Etnografia Come Metodo D'Indagine Culturale. Ideologia, Soggettività e Decodificazione: Modello di codificazione Decodificazione, Determinismo Testuale della Teoria di Screen, Rapporti testo Lettore in Nationwide, Interpretazione dei Notiziari e cronache Televisive, Riformulazioni dell'Etnografia del Pubblico. Gusto, Contesto e Pratica Etnografica: Verso un'antropologia del consumo Quotidiano, Genere e Contesto, Rapporti di Potere e consumo Televisivo nella sfera Familiare, Bambini e Televisione, Etnografia e Politica della Ricerca. Media, tecnologia e Vita Domestica: Rapporto tra tecnologia e Società, Radio e Formazione di un Pubblico Familiare, televisioni Videoregistratori Computer e Telefoni, progetto Hict, Televisione Satellitare Come Segno Culturale. Sul consumo Culturale: Sociologia del gusto di Bourdieu, Modelli di Segmentazionedel Mercato, De Certeau e le Tattiche della resistenza Popolare, Stile Significato e Sottocultura Giovanile, Creatività e costrizioni nella Vita Quotidiana. Riferimenti Bibliografici. aTEORICHE TELEVISIVE eCodice materia Spics: 6955